| 000 | 00471nam a22001697a 4500 | ||
|---|---|---|---|
| 003 | OSt | ||
| 005 | 20250709063605.0 | ||
| 008 | 250709b |||||||| |||| 00| 0 eng d | ||
| 020 | _a971-32-0004-2 | ||
| 040 |
_aDWC-Main Lib _cOC |
||
| 082 | _aCirc. 158 L425f 1991 | ||
| 100 | _aLawson, Michael | ||
| 245 |
_aFacing conflict/ _cMichael Lawson |
||
| 260 |
_aQuezon City, Philippines: _bKadena Books, _cc1991. |
||
| 300 |
_a222 pages; _c17cm. |
||
| 942 |
_2ddc _cBK-CIRC _kCirc. _n0 |
||
| 999 |
_c3536 _d3536 |
||